Lady Gaga - Chansons par ordre alphabétique - Statistiques

Statistiques générales
  • Ce quiz a été pris 17 fois
    3 depuis la dernière actualisation
  • Le résultat moyen est 70 sur 164
Statistiques - réponses
Lettres Chansons % Correct
Chiffres 911
100%
A Abracadabra
100%
A Alejandro
100%
B Bloody Mary
100%
Chiffres 1000 Doves
67%
A Alice
67%
A Always Remember Us This Way
67%
A Americano
67%
B Bad Romance
67%
B Born This Way
67%
B Boys Boys Boys
67%
B Brown Eyes
67%
D Die with a Smile (featuring Bruno Mars)
67%
D Disco Heaven
67%
B Beautiful, Dirty, Rich
67%
E Eh, Eh (Nothing Else I Can Say)
67%
G Garden of Eden
67%
G Gypsy
67%
H Hold My Hand
67%
I I Like It Rough
67%
I I'll Never Love Again
67%
J Joanne
67%
J Judas
67%
J Just Dance (featuring Colby O'Donis)
67%
L LoveGame
67%
M Million Reasons
67%
M Money Honey
67%
M Monster
67%
P Paparazzi
67%
P Paper Gangsta
67%
P Perfect Illusion
67%
P Poker Face
67%
S Shallow
67%
S Shape of a Woman
67%
S Speechless
67%
S Stupid Love
67%
S Summerboy
67%
C The Cure
67%
E The Edge of Glory
67%
F The Fame
67%
Q The Queen
67%
A Again Again
33%
A Angel Down
33%
A Anything Goes avec Tony Bennett
33%
A Applause
33%
A ARTPOP
33%
A Aura
33%
A A-YO
33%
B Babylon
33%
B Bad Kids
33%
B Before I Cry
33%
B Bewitched (featuring Joaquin Phoenix)
33%
B Black Jesus † Amen Fashion
33%
B Blade of Grass
33%
B But Beautiful avec Tony Bennett
33%
C Can't Stop the High
33%
C Cheek to Cheek avec Tony Bennett
33%
C Christmas Tree (featuring Space Cowboy)
33%
C Chromatica I
33%
C Chromatica II
33%
C Chromatica III
33%
C Close to You
33%
C Come to Mama
33%
D Dance in the Dark
33%
D Dancin' In Circles
33%
D Diamond Heart
33%
D Diggin' My Grave
33%
D Disease
33%
I I've Got You Under My Skin avec Tony Bennett
33%
D Do I Love You? (Gaga solo)
33%
D Donatella
33%
D Don't Call Tonight
33%
D Don't Wait Too Long avec Tony Bennett
33%
D Dope
33%
D Do What U Want (featuring Christina Aguilera)
33%
D Dream Dancing avec Tony Bennett
33%
E Electric Chapel
33%
E Enigma
33%
E Ev'ry Time We Say Goodbye avec Tony Bennett
33%
F Fashion!
33%
F Fashion of His Love
33%
F Firefly avec Tony Bennett
33%
F Folie à Deux
33%
F Free Woman
33%
F Fun Tonight
33%
G Get Happy
33%
G Gonna Build a Mountain
33%
G Good Morning
33%
G Goody Goody avec Tony Bennett
33%
G Government Hooker
33%
G Grigio Girls
33%
G G.U.Y.
33%
H Hair
33%
H Hair Body Face
33%
H Happy Mistake
33%
H Heal Me
33%
H Heavy Metal Lover
33%
H Hey Girl (featuring Florence Welch)
33%
H Highway Unicorn (Road to Love)
33%
H How Bad Do U Want Me
33%
I I Can't Give You Anything But Love avec Tony Bennett
33%
I I Concentrate on You avec Tony Bennett
33%
I I Don't Know What Love Is
33%
I If My Friends Could See Me Now
33%
I I Get a Kick Out of You avec Tony Bennett
33%
I Is That Alright?
33%
I It Don't Mean a Thing (If It Ain't Got That Swing) avec Tony Bennett
33%
I It's De-Lovely avec Tony Bennett
33%
I I've Got the World On A String
33%
I I Won't Dance avec Tony Bennett
33%
J Jewels N' Drugs (featuring T.I., Too Short et Twista)
33%
J John Wayne
33%
J Just Another Day
33%
J Just One of Those Things (Bennett solo)
33%
K Killah (featuring Gesaffelstein)
33%
K Kill for Love
33%
L La Vie en rose
33%
L Let's Do It (Gaga solo)
33%
L Let's Face the Music and Dance avec Tony Bennett
33%
L Look What I Found
33%
L LoveDrug
33%
L Love for Sale avec Tony Bennett
33%
L Love Me Right
33%
L Lush Life avec Tony Bennett
33%
M MANiCURE
33%
M Marry the Night
33%
M Mary Jane Holland
33%
M Music to My Eyes
33%
N Nature Boy avec Tony Bennett
33%
N Night and Day avec Tony Bennett
33%
O Oh, When the Saints
33%
P Perfect Celebrity
33%
P Plastic Doll
33%
R Rain on Me (featuring Ariana Grande)
33%
R Replay
33%
R Retro, Dance, Freak
33%
S Santa Claus is Coming to Town
33%
S Scheiße
33%
S Sexxx Dreams
33%
S Shadow of a Man
33%
S Sine from Above (featuring Elton John)
33%
S Sinner's Prayer
33%
S Smile
33%
S So Happy I Could Die
33%
S So in Love (Bennett solo)
33%
S Sophisticated avec Tony Bennett
33%
S Sour Candy (featuring Blackpink)
33%
S Starstruck (featuring Space Cowboy & Flo Rida)
33%
S Swine
33%
T Teeth
33%
T Telephone (featuring Beyoncé)
33%
T That's Entertainment
33%
T That's Life
33%
B The Beast
33%
J The Joker
33%
T They All Laughed avec Tony Bennett
33%
T Til It Happens to You
33%
V Vanish into You
33%
V Venus
33%
W Why Did You Do That?
33%
Y Yoü and I
33%
Y You're the Top avec Tony Bennett
33%
Y Your Song
33%
Z Zombieboy
33%
Aucun quiz correspondant
Distribution des résultats
% des personnes avec chaque résultat
Percentile par nombre de réponses
Votre historique - résultats
Vous n’avez pas pris ce quiz depuis la dernière actualisation